000 00260nam a2200109Ia 4500
008 220204s9999 xx 000 0 und d
082 _a613.7
_bBAR;1
100 _aBarlow, Wilfred
245 0 _aAlexander principle
260 _aLondon
_bArrow
_c1973
942 _cBK
999 _c33981
_d33981